Comparing of fertilizer on chilli pepper crop in royal university of agriculture ការប្រៀបធៀបជី​លើដំណាំម្ទេសក្នុងលក្ខខណ្ឌ័សាកលវិទ្យាល័យភូមិន្នកសិកម្ម (Record no. 427)

000 -LEADER
fixed length control field 00638nam a22001577a 4500
003 - CONTROL NUMBER IDENTIFIER
control field OSt
005 - DATE AND TIME OF LATEST TRANSACTION
control field 20150914110443.0
008 - FIXED-LENGTH DATA ELEMENTS--GENERAL INFORMATION
fixed length control field 150914b xxu||||| |||| 00| 0 eng d
040 ## - CATALOGING SOURCE
Transcribing agency RUA
082 ## - DEWEY DECIMAL CLASSIFICATION NUMBER
Classification number AGR LOU 2001 B023 Or.1
100 ## - MAIN ENTRY--PERSONAL NAME
9 (RLIN) 447
Personal name LOU, LYKHEAN
245 ## - TITLE STATEMENT
Title Comparing of fertilizer on chilli pepper crop in royal university of agriculture ការប្រៀបធៀបជី​លើដំណាំម្ទេសក្នុងលក្ខខណ្ឌ័សាកលវិទ្យាល័យភូមិន្នកសិកម្ម
260 ## - PUBLICATION, DISTRIBUTION, ETC. (IMPRINT)
Place of publication, distribution, etc. Phnom Penh
Name of publisher, distributor, etc. RUA
Date of publication, distribution, etc. 2001
300 ## - PHYSICAL DESCRIPTION
Extent 65p.
Other physical details ill.
Dimensions 29cm.
942 ## - ADDED ENTRY ELEMENTS (KOHA)
Source of classification or shelving scheme
Koha item type AGR
Holdings
Price effective from Date last seen Permanent Location Not for loan Date acquired Date last checked out Source of classification or shelving scheme Koha item type Total Checkouts Barcode Lost status Damaged status Withdrawn status Current Location Full call number
2015-09-142023-03-01Library Block B 2015-09-142023-02-20 AGR3RUA002285   Library Block BAGR LOU 2001 B023 Or.1
មជ្ឈមណ្ឌលឯការនៃសាកលវិទ្យាល័យភូមិន្ទកសិកម្មចំការដូង

Powered by Koha